|
|
|
|
| LEADER |
00964nab a2200265 i 4500 |
| 001 |
publ19960 |
| 005 |
20201217092107.0 |
| 008 |
201130s2020 hu o 0|| zxx d |
| 022 |
|
|
|a 1477-9226
|
| 024 |
7 |
|
|a 10.1039/D0DT03465G
|2 doi
|
| 024 |
7 |
|
|a 31653159
|2 mtmt
|
| 040 |
|
|
|a SZTE Publicatio Repozitórium
|b hun
|
| 041 |
|
|
|a zxx
|
| 100 |
1 |
|
|a Enyedy Éva Anna
|
| 245 |
1 |
0 |
|a Complex formation and cytotoxicity of Triapine derivatives
|h [elektronikus dokumentum] :
|b a comparative solution study on the effect of the chalcogen atom and NH-methylation /
|c Enyedy Éva Anna
|
| 260 |
|
|
|c 2020
|
| 300 |
|
|
|a 16887-16902
|
| 490 |
0 |
|
|a DALTON TRANSACTIONS
|v 49
|
| 700 |
0 |
1 |
|a May Nóra Veronika
|e aut
|
| 700 |
0 |
1 |
|a Pape Veronika
|e aut
|
| 700 |
0 |
1 |
|a Heffeter Petra
|e aut
|
| 700 |
0 |
1 |
|a Szakács Gergely
|e aut
|
| 700 |
0 |
1 |
|a Keppler Bernhard K.
|e aut
|
| 700 |
0 |
1 |
|a Kowol Christian R.
|e aut
|
| 856 |
4 |
0 |
|u http://publicatio.bibl.u-szeged.hu/19960/1/Dalton_Enyedy_2020.pdf
|z Dokumentum-elérés
|